000 00498nam a22001817a 4500
005 20251108164840.0
008 250721s1987 xx 000 0 ara d
082 1 4 _a814/حلم
100 1 _aسلام، حلمي
245 1 0 _aكلمات مصرية /
264 1 _aالقاهرة :
_bدار الهلال،
_c1987.
300 _a177ص
490 0 _aكتاب الهلال
650 1 7 _aالمقالات العربية
650 1 7 _aالأدب العربي
942 _2ddc
_cBK
999 _c15818
_d15818